000 00319nam a22001337a 4500
008 171011b xxu||||| |||| 00| 0 eng d
020 _a9780072355222
041 _aeng
080 _28 ED
_a316
100 _a50
101 _aSOC
245 _aSOCIAL PROBLEMS THE QUALITY OF LIFE
_cLAUER.R.H
942 _2udc
_cBK
999 _c33210
_d33210